| 000 | 00452nam a2200169Ia 4500 | ||
|---|---|---|---|
| 008 | 230718s9999 xx 000 0 und d | ||
| 020 | _a9788184950984 | ||
| 041 | _aeng | ||
| 082 |
_a338.092'273 _bDRE |
||
| 100 | _aDrexler K. | ||
| 245 | _aBusiness Icons Who Changed World | ||
| 260 |
_c2010 _bJaico Publishing House |
||
| 300 | _a268 | ||
| 365 |
_cRs. _b295.00 |
||
| 700 | _aDrexler K. | ||
| 906 |
_dO:0088802-Jul-2010B:108815-Jun-2010 _cGENRL _b59 |
||
| 999 |
_c325143 _d325143 |
||